00964nam a22001697a 4500003000400000005001700004008004100021020001800062082001700080100001400097245003000111260001800141300002100159520058800180650000900768650001700777OSt20250729155132.0250729b |||||||| |||| 00| 0 eng d a9789585155695 21a Edición aERIN DOOM aFabricante de Lágrimas  bMontenac2021 a629 pag.gPesado aEn el orfanato en el que Nica creció, siempre se han contado historias y leyendas a la luz de las velas. La más famosa de todas es la del fabricante de lágrimas, un misterioso artesano culpable de haber forjado todos los miedos y las angustias que habitan en los corazones del ser humano. Para Nica ya es hora de dejar atrás los cuentos de la infancia y de vivir lo que para ella es un sueño hecho realidad: ser adoptada. Pero no estará sola en el nuevo hogar, ya que la familia acogerá también a Rigel, un chico de rostro angelical que oculta algo oscuro en su ser. aAMOR aSENTIMIENTOS